000 00547nam a2200193Ia 4500
003 GCL
008 140319s9999 xx 000 0 eng d
040 _aGCL /
_cGCL
082 0 4 _aCC
_b932
_bN G
100 1 _aMOBLECOURT, CHRISTIANE DESROUCHES
245 1 0 _aLA GRAND PHARAON RAMSES ET SON TEMPS /
_cMOBLECOURT, CHRISTIANE DESROUCHES
260 _a[S.N] :
_bBIBLIIOTHE'QUE NATIONALE DU QUE'BEC ،
_c1985
300 _a67
650 0 4 _aANCIENT EGYPT
650 0 4 _aHISTORY
650 0 4 _aART- EGYPT
650 0 4 _aARCHAEOLOGY
942 _2ddc
_cBK
999 _c15803
_d15803